000 00335 a2200157 4500
001 191132
020 _a978-85-342-3613-3
040 _cMagnum
100 _aBelém, Valéria
240 1 0 _aO espelho de lelê
_lpor
245 1 0 _aO espelho de lelê
300 _a23
362 0 _a2013
697 _aLITERATURA INFANTO
942 _cBK
999 _c191132
_d191132